Statistics for 加拿大行政区划

Click here to take the quiz!

General Stats

  • This quiz has been taken 301 times
  • The average score is 7 of 13

Answers on the Map

Answers color-coded by a green-red scale on the quiz's map according to % correct below.
 

Answer Stats

Province / Territory% Correct
魁北克
86%
育空
80%
安大略
70%
纽芬兰与拉布拉多
69%
不列颠哥伦比亚
64%
西北地区
57%
努纳武特
51%
爱德华王子岛
47%
新斯科舍
41%
曼尼托巴
34%
艾伯塔
33%
萨斯喀彻温
33%
新布伦瑞克
31%

Score Distribution

Percentile by Number Answered

Percent of People with Each Score

Your Score History

You have not taken this quiz